Graphical probability models and machine learning
Enregistré dans:
| Auteur principal: | |
|---|---|
| Autres auteurs: | |
| Format: | Manuscrit Livre |
| Langue: | slovaque anglais |
| Publié: |
2019
|
| Sujets: | |
| Accès en ligne: | http://is.stuba.sk/zp/portal_zp.pl?podrobnosti=144785 https://opac.crzp.sk/?fn=detailBiblioForm&sid=9F8942B94996237AAEFA1BF666DC |
| Tags: |
Pas de tags, Soyez le premier à ajouter un tag!
|
MARC
| LEADER | 00000ntm a22000003a 4500 | ||
|---|---|---|---|
| 001 | stuzp75590 | ||
| 003 | SK-STU | ||
| 005 | 20230530105641.9 | ||
| 007 | ta | ||
| 008 | 150427s2015----xo-----f-mn---000-0-slo-d | ||
| 040 | |a STU |b slo | ||
| 041 | 0 | |a eng | |
| 100 | 1 | |a Fratrič, Peter |u 010220 |k Z4 |4 aut |U SvF Stavebná fakulta |T SvF Katedra matematiky a deskriptívnej geometrie |X 75468 |U V220 |Y 23 |7 75468 | |
| 242 | 0 | 1 | |a Pravdepodobnostné grafické modely a strojové učenie |y slo |
| 245 | 1 | 0 | |a Graphical probability models and machine learning |
| 260 | |c 2019 | ||
| 650 | 4 | |a regresia |2 slo | |
| 650 | 4 | |a klasifikácia |2 slo | |
| 650 | 4 | |a strojové učenie |2 slo | |
| 650 | 4 | |a vine copula |2 eng | |
| 650 | 4 | |a data analysus |2 eng | |
| 650 | 4 | |a graphical probability model |2 eng | |
| 700 | 1 | |a Bacigál, Tomáš |u 010220 |k Z1 |4 ths |U SvF Stavebná fakulta |T SvF Katedra matematiky a deskriptívnej geometrie |X 38288 |U V220 |Y 23 |7 A000038288 | |
| 856 | 4 | |u http://is.stuba.sk/zp/portal_zp.pl?podrobnosti=144785 | |
| 856 | 4 | |u https://opac.crzp.sk/?fn=detailBiblioForm&sid=9F8942B94996237AAEFA1BF666DC | |